| Tag |
First Indicator |
Second Indicator |
Subfields |
| LEADER |
00000pam a2200000 a 4500 |
| 001 |
in00000082327 |
| 005 |
20151008061131.0 |
| 008 |
811117s1982 nyua b 10100 eng |
| 010 |
|
|
|a 81021017
|
| 020 |
|
|
|a 0306409186
|
| 035 |
|
|
|a (OCoLC)07999443
|
| 035 |
|
|
|9 AAJ7379AM
|
| 039 |
0 |
|
|a 2
|b 3
|c 3
|d 3
|e 3
|
| 040 |
|
|
|a DLC
|c DLC
|d TXA
|d UtOrBLW
|
| 049 |
|
|
|a TXAM
|c [1443044]
|
| 050 |
0 |
0 |
|a TD884.5
|b .P37
|
| 082 |
0 |
|
|a 628.5/3
|2 19
|
| 245 |
0 |
0 |
|a Particulate carbon, atmospheric life cycle /
|c edited by George T. Wolff and Richard L. Klimisch.
|
| 264 |
|
1 |
|a New York :
|b Plenum,
|c 1982.
|
| 300 |
|
|
|a x, 411 pages :
|b illustrations ;
|c 26 cm.
|
| 336 |
|
|
|a text
|b txt
|2 rdacontent
|
| 337 |
|
|
|a unmediated
|b n
|2 rdamedia
|
| 338 |
|
|
|a volume
|b nc
|2 rdacarrier
|
| 500 |
|
|
|a "Proceedings of an international symposium ... held October 13-14, 1980, at the General Motors Research Laboratories, Warren, Michigan"--Title page verso.
|
| 504 |
|
|
|a Includes bibliographical references and indexes.
|
| 650 |
|
0 |
|a Air
|x Pollution
|v Congresses.
|
| 650 |
|
0 |
|a Soot
|x Congresses.
|
| 700 |
1 |
|
|a Wolff, George T.
|
| 700 |
1 |
|
|a Klimisch, Richard L.,
|d 1938-
|
| 710 |
2 |
|
|a General Motors Corporation.
|b Research Laboratories.
|
| 999 |
|
|
|a MARS
|
| 999 |
f |
f |
|s 5271e9f1-4db2-3ead-8020-5c680dd58d3f
|i 8f2defd1-2c12-3bd8-a7a8-0f29fe22cea3
|t 0
|
| 952 |
f |
f |
|p ric
|a Texas A&M University
|b Rellis Campus
|c Joint Library Facility
|d Remote Storage
|t 0
|e TD884.5 .P37
|h Library of Congress classification
|i unmediated -- volume
|m A14811191219
|
| 998 |
f |
f |
|a TD884.5 .P37
|t 0
|l Remote Storage
|